Dva na koni, jeden na oslu /
Historické drama o třech žoldnéřích a jejich cestě Čechami.
Uloženo v:
| Hlavní autor: | |
|---|---|
| Médium: | E-kniha |
| Jazyk: | Czech |
| Vydáno: |
Praha :
Městská knihovna v Praze,
2026
|
| Vydání: | V MKP 1. elektronické vydání |
| Edice: | Drama
|
| Témata: | |
| On-line přístup: | Odkaz na plný text Plný text Plný text Plný text Obálka |
| Tagy: |
Žádné tagy |
| LEADER | 02122nam a2200433 i 4500 | ||
|---|---|---|---|
| 001 | 5245220 | ||
| 003 | CZ-PrMKP | ||
| 005 | 20260603154200.4 | ||
| 007 | ta | ||
| 008 | 260522s2026----xr-----go-----000-d-cze-- | ||
| 020 | |a 978-80-274-5051-0 |q (online ; |q pdf) | ||
| 020 | |a 978-80-274-5050-3 |q (online ; |q epub) | ||
| 020 | |a 978-80-274-5052-7 |q (online ; |q prc) | ||
| 040 | |a ABG001 |b cze |e rda | ||
| 072 | 7 | |a 821.162.3-2 |x České drama |2 Konspekt |9 25 | |
| 080 | |a 821.162.3-2 |2 MRF_2003 | ||
| 080 | |a (0:82-24) |2 MRF_2003 | ||
| 100 | 1 | |a Daněk, Oldřich, |d 1927-2000 |7 jk01022017 |4 aut | |
| 245 | 1 | 0 | |a Dva na koni, jeden na oslu / |c Oldřich Daněk |
| 250 | |a V MKP 1. elektronické vydání | ||
| 264 | 1 | |a Praha : |b Městská knihovna v Praze, |c 2026 | |
| 300 | |a 1 online zdroj (114 stran) ; | ||
| 336 | |a text |b txt |2 rdacontent | ||
| 337 | |a počítač |b c |2 rdamedia | ||
| 338 | |a online zdroj |b cr |2 rdacarrier | ||
| 490 | 1 | |a Drama | |
| 520 | 2 | |a Historické drama o třech žoldnéřích a jejich cestě Čechami. |b Příběh tří potulných žoldnéřů jménem Zajíc, Hřbet a Svatý, kteří už sloužili všem možným pánům na všech koncích Evropy a mají co dělat, aby si uchránili holý život. V režii Ivana Glance byla tato hra poprvé uvedena Realistickým divadlem s Jiřím Adamírou, Zdeňkem Dítětem a Josefem Vinklářem v hlavních rolích. | |
| 655 | 7 | |a česká dramata |7 fd133957 |2 czenas | |
| 655 | 7 | |a historická dramata |7 fd214830 |2 czenas | |
| 655 | 9 | |a Czech drama |2 eczenas | |
| 655 | 9 | |a historical drama |2 eczenas | |
| 710 | 2 | |a Městská knihovna (Praha, Česko) |7 kn20010709068 |4 pbl | |
| 830 | 0 | |a Drama | |
| 856 | 4 | 1 | |u http://search.mlp.cz/searchMKP.jsp?action=sTitul&key=5245220 |y Odkaz na plný text |
| 856 | 4 | 1 | |q epub |u https://web2.mlp.cz/koweb/00/05/24/52/20/dva_na_koni_jeden_na_oslu.epub |y Plný text |
| 856 | 4 | 1 | |q pdf |u https://web2.mlp.cz/koweb/00/05/24/52/20/dva_na_koni_jeden_na_oslu.pdf |y Plný text |
| 856 | 4 | 1 | |q prc |u https://web2.mlp.cz/koweb/00/05/24/52/20/dva_na_koni_jeden_na_oslu.prc |y Plný text |
| 856 | 4 | 1 | |u https://web2.mlp.cz/koweb/00/05/24/52/20.jpg |y Obálka |
| 910 | |a ABG001 | ||